| 000 | 00446nam a2200193Ia 4500 | ||
|---|---|---|---|
| 008 | 170918s9999 xx 000 0 und d | ||
| 020 | _a9780590481427 | ||
| 050 | _bJ662 1993 | ||
| 100 | _aJohnson, Angela | ||
| 245 | _aToning the sweep / | ||
| 245 | _cby Angela Johnson. | ||
| 260 | _aNew York : | ||
| 260 | _bScholastic, | ||
| 260 | _c1993 | ||
| 300 | _a103 pages : | ||
| 300 | _billustrations ; | ||
| 300 | _c17cm. | ||
| 500 | _a760 | ||
| 999 |
_c344203 _d344203 |
||